[Event "Pula PCA op"]
[Site "Pula"]
[Date "1994.??.??"]
[Round "?"]
[White "Loncar, Robert"]
[Black "Zivkovic, Negosim"]
[Result "1-0"]
[WhiteElo "2430"]
[BlackElo "2340"]

1.e4 c5 2.Nc3 d6 3.Nge2 Nf6 4.d4 cxd4 5.Nxd4 a6 6.Be3 e5 7.Nb3 Be6 8.Qd2 Qc7
9.O-O-O Be7 10.f3 Nbd7 11.g4 h6 12.h4 Nb6 13.Rg1 Nfd7 14.g5 h5 15.Kb1 g6
16.Nd5 Nxd5 17.exd5 Bf5 18.Bd3 Bxd3 19.Qxd3 O-O 20.c4 b6 21.Nd2 Rfc8 22.Rc1 Qd8
23.Ne4 Rc7 24.f4 exf4 25.Bxf4 Nc5 26.Nxc5 bxc5 27.Bd2 Rb7 28.Bc3 Qd7 29.Qf3 Re8
30.Rce1 Bd8 31.Qh3 Kf8 32.Qxd7 Rxd7 33.Bg7+ Kxg7 34.Rxe8 a5 35.Rg3 a4 36.Rge3 f5
37.Ra3 Kf7 38.Re6 Kg7 39.Rxa4 Be7 40.Ra3 Bf8 41.Rae3 Kh7 42.a4 Rb7 43.Ka2 Bg7
44.Rb3 Rd7 45.Kb1 Be5 46.a5 Kg7 47.Re8 Rf7 48.a6 f4 49.Rb7 f3 50.Ree7 Rxe7
51.Rxe7+ Kf8 52.a7 f2 53.a8=Q+ Kxe7 54.Qb7+ Kd8 55.Qf7 Bg3 56.Kc2 Bxh4 57.Kd3 Bg3
58.Ke2 h4 59.Qxg6  1-0

[Event "CRO-Cup"]
[Site "Pula"]
[Date "1994.??.??"]
[Round "4"]
[White "Muhvic, Damir"]
[Black "Rade, Miroslav"]
[Result "0-1"]
[WhiteElo "2240"]
[BlackElo "2305"]

1.e4 c5 2.Nf3 d6 3.d4 cxd4 4.Nxd4 Nf6 5.Nc3 a6 6.Be3 e5 7.Nf3 Be7 8.Bc4 Qc7
9.Qe2 O-O 10.O-O Nbd7 11.Rfd1 b5 12.Bd5 Rb8 13.a3 Nb6 14.Bxb6 Qxb6 15.Bb3 Bb7
16.Nd5 Nxd5 17.Bxd5 Rbc8 18.Bxb7 Qxb7 19.Rd5 f5 20.Re1 fxe4 21.Qxe4 Rxc2
22.Rxe5 Qxe4 23.R5xe4 Bf6 24.b3 Rb2 25.R4e3 Rc8 26.g4 h6 27.h4 Rc3 28.g5 hxg5
29.hxg5 Rxe3 30.Rxe3 Be5 31.Nxe5 dxe5 32.g6 Kf8 33.b4 Ra2 34.Kg2 Ke7 35.Rxe5+ Kf6
36.Re3 Kxg6 37.Re6+ Kf5 38.Rxa6 g5 39.Kg3 Ke4 40.Ra5 Kd4 41.Rxb5 Rxa3+ 42.Kg4 Kc4
43.Rxg5 Kb3 44.f4 Kc4 45.Re5 Kd4 46.Re1 Kd5 47.f5 Kd6 48.f6 Ra2 49.Kg5 Rg2+
50.Kh6 Kd7 51.f7 Rh2+ 52.Kg7 Rg2+ 53.Kf8 Kd8 54.Re4 Kd7 55.Rd4+  0-1

[Event "Rishon Le Ziyyon"]
[Site "Rishon Le Ziyyon"]
[Date "1994.??.??"]
[Round "3"]
[White "Gofshtein, Leonid D"]
[Black "Gruenfeld, Yehuda"]
[Result "1/2-1/2"]
[WhiteElo "2495"]
[BlackElo "2550"]

1.e4 c5 2.Nf3 d6 3.d4 cxd4 4.Nxd4 Nf6 5.Nc3 a6 6.Be3 e5 7.Nb3 Be6 8.f3 Be7
9.Qd2 O-O 10.O-O-O b5 11.g4 b4 12.Na4 Nc6 13.g5 Nh5 14.Nb6 Rb8 15.Nd5 Bxd5
16.exd5 Na5 17.Nxa5 Qxa5 18.Kb1 Bd8 19.Qd3 Bb6 20.Bc1 Ra8 21.Qe4 Bc5 22.Bh3 Qc7
23.Bg4 Nf4 24.h4 Rae8 25.Rde1 Qd8 26.Bxf4 exf4 27.Qxf4 Rxe1+ 28.Rxe1 Re8
29.Re4 Rxe4 30.Qxe4 g6 31.Kc1  1/2-1/2

[Event "ROM-chT"]
[Site "ROM"]
[Date "1994.??.??"]
[Round "?"]
[White "Sandu, Mihaela"]
[Black "Peptan, Corina"]
[Result "0-1"]
[WhiteElo "2060"]
[BlackElo "2265"]

1.e4 c5 2.Nf3 d6 3.d4 cxd4 4.Nxd4 Nf6 5.Nc3 a6 6.Be3 e5 7.Nb3 Be6 8.Qd2 Nbd7
9.f3 b5 10.Nd5 Bxd5 11.exd5 Nb6 12.Bxb6 Qxb6 13.Na5 Rc8 14.c4 bxc4 15.Bxc4 Be7
16.Nc6 Rxc6 17.dxc6 d5 18.Qc2 Qa5+ 19.Kf1 dxc4 20.Qxc4 O-O 21.g3 Rd8 22.Kg2 Qd2+
23.Kh3 Qh6+ 24.Qh4 Nh5 25.c7 Nf4+  0-1

[Event "ROM-chT"]
[Site "ROM"]
[Date "1994.??.??"]
[Round "?"]
[White "Andreescu, Nicoleta Aurora"]
[Black "Peptan, Corina"]
[Result "1-0"]
[WhiteElo "2085"]
[BlackElo "2265"]

1.e4 c5 2.Nf3 d6 3.d4 cxd4 4.Nxd4 Nf6 5.Nc3 a6 6.Be3 e6 7.f3 b5 8.g4 Bb7
9.g5 Nfd7 10.Bd3 Nc5 11.Qd2 Nbd7 12.O-O-O Be7 13.h4 Rc8 14.Kb1 b4 15.Nce2 d5
16.exd5 Bxd5 17.Nf4 Bb7 18.Qe2 Qc7 19.h5 Nxd3 20.cxd3 Nc5 21.g6 Qe5 22.Qf2 Bf6
23.Rde1 Ke7 24.Qd2 hxg6 25.Qxb4 Rc7 26.Ndxe6  1-0

[Event "ROM-chT"]
[Site "ROM"]
[Date "1994.??.??"]
[Round "?"]
[White "Vasiesiu, Cristina"]
[Black "Peptan, Corina"]
[Result "1/2-1/2"]
[WhiteElo "2145"]
[BlackElo "2265"]

1.e4 c5 2.Nf3 d6 3.d4 Nf6 4.Nc3 cxd4 5.Nxd4 a6 6.Be3 e5 7.Nb3 Be6 8.f3 Be7
9.g4 d5 10.g5 d4 11.gxf6 Bxf6 12.Na4 dxe3 13.Qxd8+ Bxd8 14.Nac5 Bc8 15.O-O-O b6
16.Na4 Be6 17.Be2 Nd7 18.Nc3 Nf6 19.Rd3 Nh5 20.Kb1 b5 21.Rxe3 Nf4 22.Nd5 Bxd5
23.exd5 f6 24.Rd1 Bb6 25.Re4 Kf7 26.Bf1 Rhd8 27.d6 Rac8 28.c4 f5 29.Rxe5 Kf6
30.Re7 bxc4 31.Rb7 Rc6 32.Bxc4 Be3 33.Re7 Bf2 34.Na5 Rcxd6 35.Rf7+ Kg6 36.Rxd6+ Rxd6
37.Rf8 Bb6 38.Bf7+ Kg5 39.Nc4 Rd8 40.Rg8 Rxg8 41.Bxg8 Bg1 42.h4+ Kxh4 43.Bxh7 g6
44.Ne5 Kg5 45.Bg8 Ng2 46.Bc4 a5 47.Bb5 Bh2 48.Nc4 Bc7 49.Be8 Nh4 50.Nd2 Kf4
51.Kc2 g5 52.Bc6 Ke3 53.a3 Ke2 54.a4 Bf4 55.Nb3 Nxf3 56.Bd7 g4 57.Bxf5 g3
58.Bh3 Be3 59.Nxa5 Kf2 60.Nc4 Bf4 61.a5 Ng5 62.a6 Bb8 63.Nd2 Nxh3 64.Ne4+ Kf3
65.Nxg3 Kxg3 66.Kc3 Ng5 67.Kc4 Ne6 68.Kd5 Nd8 69.b4 Kf4 70.b5 Ba7 71.Kd6 Kf5
72.Kc7 Ne6+ 73.Kb7 Be3  1/2-1/2

[Event "ROM-chT"]
[Site "ROM"]
[Date "1994.??.??"]
[Round "?"]
[White "Cioara, Andrei Nestor"]
[Black "Stefanov, Parik"]
[Result "0-1"]
[WhiteElo "2170"]
[BlackElo "2385"]

1.e4 c5 2.Nf3 d6 3.d4 cxd4 4.Nxd4 Nf6 5.Nc3 a6 6.Be3 Ng4 7.Bg5 h6 8.Bh4 g5
9.Bg3 Nf6 10.Be2 e6 11.h4 Rg8 12.hxg5 hxg5 13.a4 Nbd7 14.Nxe6 fxe6 15.Bh5+ Nxh5
16.Qxh5+ Ke7 17.O-O-O Nf6 18.Qe2 Ne8 19.Bxd6+ Nxd6 20.e5 Qe8 21.exd6+ Kd8
22.Qe3 Qf7 23.Qb6+ Ke8 24.Rhe1 Qf4+ 25.Kb1 Rg7 26.Nd5 Qxa4 27.Nc7+ Rxc7 28.dxc7 Kf7
29.Rd8 Qc6 30.Qe3 Be7 31.Rh8 Bf6 32.Rh7+ Kg8 33.Rh6 e5 34.Qd3 e4 35.Qb3+ Kg7
36.Reh1 Bf5 37.g4  0-1

[Event "Sevilla op"]
[Site "Sevilla"]
[Date "1994.??.??"]
[Round "5"]
[White "Korneev, Oleg"]
[Black "Rodriguez Lopez, Rafael"]
[Result "0-1"]
[WhiteElo "2500"]
[BlackElo "2275"]

1.e4 c5 2.Nf3 d6 3.d4 cxd4 4.Nxd4 Nf6 5.Nc3 a6 6.Be3 Qc7 7.f3 b5 8.g4 e6
9.Qd2 Nfd7 10.O-O-O Nb6 11.Bd3 Nc6 12.Nxc6 Qxc6 13.Kb1 Be7 14.h4 b4 15.Ne2 Nc4
16.Bxc4 Qxc4 17.b3 Qb5 18.Nd4 Qb7 19.Qd3 Bd7 20.Bg5 f6 21.Bc1 O-O 22.f4 Rfc8
23.Bb2 a5 24.f5 e5 25.Nf3 Rc5 26.g5 Bc6 27.Rde1 d5 28.gxf6 Bxf6 29.Nxe5 Bb5
30.Qg3 Qc7 31.Qf2 dxe4 32.Ng4 Bxb2 33.Kxb2 Rc8 34.Rh2 h5 35.Ne3 Qe5+ 36.Kb1 a4
37.bxa4 Bxa4 38.Rc1 Be8 39.c4 bxc3 40.Nc2 Rb8+ 41.Ka1 Rcb5 42.Rg2 Rb2 43.Qg3 Rxa2+
44.Kxa2 Qa5+ 45.Na3 Bf7+ 46.Ka1 Qxa3+  0-1

[Event "Wch U26"]
[Site "Sofia"]
[Date "1994.??.??"]
[Round "7"]
[White "Dgebuadze, Alexandre"]
[Black "Kotsur, Pavel"]
[Result "0-1"]
[WhiteElo "2400"]
[BlackElo "2455"]

1.e4 c5 2.Nf3 d6 3.d4 Nf6 4.Nc3 cxd4 5.Nxd4 a6 6.Be3 Ng4 7.Bc4 Nxe3 8.fxe3 e6
9.O-O Be7 10.Qh5 O-O 11.Rf3 g6 12.Rg3 Bh4 13.Rg4 Bf6 14.Rd1 Bg7 15.Qh3 Nc6
16.Rh4 Nxd4 17.exd4 e5 18.Qg3 exd4 19.Nd5 Be6 20.Rf1 Rc8 21.Bb3 Be5 22.Qf2 f5
23.Qe1 Kg7 24.g3 Bxd5 25.Bxd5 Rxc2 26.exf5 Qg5 27.Be4 Rxb2 28.Qa5 Bxg3 29.Qc7+ Kf6
30.Rxh7 Qe3+  0-1

[Event "Solin"]
[Site "Solin"]
[Date "1994.??.??"]
[Round "1"]
[White "Rade, Miroslav"]
[Black "Ljubicic, Filip"]
[Result "1-0"]
[WhiteElo "2305"]
[BlackElo "2335"]

1.e4 c5 2.Nf3 d6 3.d4 cxd4 4.Nxd4 Nf6 5.Nc3 a6 6.Be3 Qc7 7.Be2 e5 8.Nf3 Be7
9.a4 b6 10.a5 bxa5 11.Nd2 Be6 12.Nb3 O-O 13.Nd5 Bxd5 14.exd5 Qb7 15.Nxa5 Qxd5
16.O-O Qe6 17.f4 exf4 18.Bxf4 d5 19.c4 Nbd7 20.Bf3 Nb6 21.Kh1 Ne4 22.Nc6 Qxc6
23.cxd5 Qg6 24.Qd4 f5 25.d6 Bd8 26.g4 Qf6 27.Be5 Qh4 28.Bxe4 fxe4 29.Rxf8+ Kxf8
30.Bxg7+ Kf7 31.Rf1+ Kg6 32.Bh8 Ra7 33.Qxe4+ Kh6 34.Qe6+ Kg5 35.Rf5+ Kxg4
36.Qe4+  1-0

[Event "St Cugat op"]
[Site "St Cugat"]
[Date "1994.??.??"]
[Round "7"]
[White "Papacek, Stepan"]
[Black "Kolev, Atanas T"]
[Result "0-1"]
[WhiteElo "2320"]
[BlackElo "2495"]

1.e4 c5 2.Nc3 d6 3.Nf3 Nf6 4.d4 cxd4 5.Nxd4 a6 6.Be3 e6 7.f4 Be7 8.Qf3 Qc7
9.O-O-O Nc6 10.g4 Nxd4 11.Bxd4 e5 12.fxe5 dxe5 13.Qg3 Bd6 14.Be3 Bxg4 15.Bh3 h5
16.Nd5 Nxd5 17.Rxd5 Bxh3 18.Qxh3 Rd8 19.Qg3 g6 20.Qf2 Rc8 21.Bb6 Qe7 22.Rhd1 Rc6
23.Kb1 O-O 24.c4 Rfc8 25.b3 Qe6 26.Be3 Be7 27.Rf1 Bf8 28.Qg3 Bg7 29.Rfd1 Kh7
30.Rd7 R8c7 31.Rd8 f5 32.Qg2 Rf7 33.Qd2 f4 34.Bf2 g5 35.c5 g4 36.Rb8 Rc8
37.Rxc8 Qxc8 38.Qd5 Rc7 39.b4 Qe8  0-1

[Event "Rilton Cup9495"]
[Site "Stockholm"]
[Date "1994.??.??"]
[Round "6"]
[White "Johansson, Toni"]
[Black "Andersson, Mats"]
[Result "1-0"]
[WhiteElo "2160"]
[BlackElo "2350"]

1.e4 c5 2.Nf3 d6 3.d4 cxd4 4.Nxd4 Nf6 5.Nc3 a6 6.Be3 e6 7.f3 b5 8.Qd2 Bb7
9.g4 h6 10.O-O-O Nbd7 11.h4 Nb6 12.Bd3 Nfd7 13.Qf2 Qc7 14.g5 Nc5 15.Kb1 hxg5
16.hxg5 Rxh1 17.Rxh1 g6 18.Rh7 Rc8 19.Nxe6 Nxe6 20.Bxb6 Qe7 21.f4 Nc5 22.Bxc5 Rxc5
23.Qd4 Qe6 24.a3 Be7 25.Qg7 Bf8 26.Rh8 Qe7 27.f5 gxf5 28.exf5 Rc8 29.f6 Qe6
30.b3  1-0

[Event "Rilton Cup9495"]
[Site "Stockholm"]
[Date "1994.??.??"]
[Round "8"]
[White "Johansson, Toni"]
[Black "Dzevlan, Miralem"]
[Result "0-1"]
[WhiteElo "2160"]
[BlackElo "2385"]

1.e4 c5 2.Nf3 d6 3.d4 cxd4 4.Nxd4 Nf6 5.Nc3 a6 6.Be3 e5 7.Nf3 Qc7 8.a4 h6
9.a5 Be6 10.Bb6 Qc6 11.Nxe5 Qc8 12.Nf3 Nbd7 13.Bd4 Qc6 14.Bd3 Be7 15.O-O O-O
16.Re1 Rfe8 17.Qd2 Ng4 18.Qf4 Nge5 19.Nd5 Bxd5 20.exd5 Qxd5 21.Bxe5 dxe5
22.Qf5 g6 23.Qh3 Bb4 24.Be4 Qe6 25.Qxe6 Rxe6 26.c3 Bf8 27.Bxb7 Rb8 28.Bd5 Rd6
29.c4 Rxb2 30.Nxe5 Nxe5 31.Rxe5 Rf6 32.f3 Bc5+ 33.Kh1 Kg7 34.Re8 h5 35.Rc8 Bd4
36.Rc6 Rxc6 37.Bxc6 h4 38.Bd7 Rd2 39.Rb1 Ra2 40.g3 Rxa5 41.Rd1 Be3 42.Kg2 Ra2+
43.Kh3 a5 44.Re1 Bf2 45.Re5 Bg1 46.Kxh4 a4 47.c5 a3 48.c6 Rxh2+ 49.Kg4 Bb6
50.Re8 f5+ 51.Kf4 a2 52.Ra8 Kf6 53.Rf8+ Ke7 54.Ra8 Bc7+ 55.Ke3 Be5  0-1

[Event "CZE-ch U16"]
[Site "Svetla"]
[Date "1994.??.??"]
[Round "?"]
[White "Simacek, Pavel"]
[Black "Kalod, Radek"]
[Result "0-1"]
[WhiteElo "2055"]
[BlackElo "2310"]

1.e4 c5 2.Nf3 d6 3.d4 cxd4 4.Nxd4 Nf6 5.Nc3 a6 6.Be3 e6 7.g4 e5 8.Nf5 g6
9.g5 gxf5 10.exf5 d5 11.Qf3 d4 12.O-O-O Nbd7 13.gxf6 dxc3 14.Rg1 Qxf6 15.Bc4 h5
16.Qd5 Bh6 17.Bxh6 Qxh6+ 18.Kb1 Qf6 19.Rde1 Kd8 20.Re3 Ra7 21.Rd1 b5 22.Rxe5 Rc7
23.Bb3 Bb7 24.Qd4 Kc8 25.Re7 Qxd4 26.Rxd4 Nf6 27.Rxf7 Rxf7 28.Bxf7 cxb2 29.Rd6 Ne4
30.Rg6 Kc7 31.Be6 Rf8 32.Kxb2 Nf6 33.Kc3 Kd6 34.Kd4 b4 35.Rg7 Bc6 36.c4 bxc3
37.Kxc3 Bd5 38.Ra7 Ra8 39.Rf7 Ne4+ 40.Kd4 Bxe6 41.fxe6 Kxe6 42.Rf3 Nf6 43.h4 Rd8+
44.Kc5 Rd2 45.Ra3 Ne4+ 46.Kc6 Rc2+ 47.Kb7 Rxf2 48.Ra5 Rf5 49.Rxa6+ Ke5 50.Rc6 Kf4
51.Kb6 Kg3 52.a4 Nf6 53.Rd6 Nd5+ 54.Kc6 Nb4+ 55.Kb6 Rf4 56.a5 Kxh4 57.Rg6 Kh3
58.a6 Nxa6 59.Kxa6 Rb4 60.Ka5 Rb8 61.Rc6 h4 62.Rc3+ Kg2 63.Rc2+ Kf3 64.Rc3+ Ke2
65.Rc2+ Kd3 66.Rh2 Rh8 67.Rh3+ Ke2 68.Kb4 Kf2  0-1

[Event "SVK-chT"]
[Site "?"]
[Date "1994.??.??"]
[Round "13"]
[White "Kalisky, Vladimir"]
[Black "Pasko, Peter"]
[Result "1-0"]
[WhiteElo "2140"]
[BlackElo "2220"]

1.e4 c5 2.Nf3 d6 3.d4 cxd4 4.Nxd4 Nf6 5.Nc3 a6 6.Be3 e5 7.Nb3 Qc7 8.Qd2 Be7
9.f3 Be6 10.g4 h6 11.O-O-O Nbd7 12.Kb1 Nb6 13.Qf2 Nc4 14.Bxc4 Bxc4 15.h4 h5
16.g5 Nd7 17.f4 exf4 18.Bxf4 Ne5 19.Rhe1 O-O 20.Nd5 Bxd5 21.exd5 Rfd8 22.Qe2 Rac8
23.c3 Bf8 24.Bxe5 dxe5 25.Qxh5 a5 26.Qg4 a4 27.Qxa4 Ra8 28.Qe4 b5 29.Qxe5 Qa7
30.Nc1 b4 31.c4 b3 32.a3 Bxa3 33.bxa3 b2 34.Qxb2 Rdb8 35.Nb3  1-0

[Event "SWE-chT 9394"]
[Site "SWE"]
[Date "1994.??.??"]
[Round "8"]
[White "Wedberg, Tom"]
[Black "Astrom, Robert"]
[Result "1/2-1/2"]
[WhiteElo "2455"]
[BlackElo "2305"]

1.e4 c5 2.Nf3 d6 3.d4 cxd4 4.Nxd4 Nf6 5.Nc3 a6 6.Be3 e6 7.f3 b5 8.g4 Bb7
9.g5 Nfd7 10.Qd2 Nb6 11.a4 bxa4 12.Nxa4 Nxa4 13.Rxa4 d5 14.exd5 Qxd5 15.Bd3 Qd7
16.b3 Be7 17.O-O O-O 18.Qg2 g6 19.Qh3 Rd8 20.Ne2 e5 21.Qg3 Qe6 22.Nc3 Nd7
23.Bc4 Qf5 24.Bd3 Qe6 25.Bc4 Qf5 26.Bd3  1/2-1/2

[Event "SWZ-ITA"]
[Site "?"]
[Date "1994.??.??"]
[Round "?"]
[White "Belotti, Bruno"]
[Black "Landenbergue, Claude"]
[Result "0-1"]
[WhiteElo "2455"]
[BlackElo "2450"]

1.e4 c5 2.Nf3 d6 3.d4 cxd4 4.Nxd4 Nf6 5.Nc3 a6 6.Be3 e5 7.Nb3 Be6 8.Qd2 Be7
9.f3 O-O 10.g4 d5 11.Bc5 d4 12.Ne2 Nc6 13.Ng3 Rc8 14.Bd3 Nd7 15.Bxe7 Qxe7
16.Nf5 Bxf5 17.gxf5 Qh4+ 18.Ke2 Nf6 19.Rag1 Nh5 20.Rg4 Qh3 21.Kf2 Nf4 22.Bf1 Qh6
23.h4 a5 24.Ke1 Nb4 25.Na1 Qc6 26.Rh2 Qb6 27.a3 Nc6 28.Qc1 a4 29.h5 Na5 30.f6 Qxf6
31.Qd2 Nc4  0-1

[Event "SWZ-ITA"]
[Site "?"]
[Date "1994.??.??"]
[Round "?"]
[White "Landenbergue, Claude"]
[Black "Belotti, Bruno"]
[Result "1-0"]
[WhiteElo "2450"]
[BlackElo "2455"]

1.e4 c5 2.Nf3 d6 3.d4 cxd4 4.Nxd4 Nf6 5.Nc3 a6 6.Be3 e6 7.g4 h6 8.Qf3 Nbd7
9.Rg1 Ne5 10.Qh3 Ng6 11.O-O-O b5 12.f4 b4 13.Nce2 Qa5 14.Kb1 e5 15.Nb3 Qc7
16.f5 Ne7 17.Qf3 Bb7 18.Ng3 d5 19.Bd3 dxe4 20.Nxe4 Ned5 21.Nxf6+ Nxf6 22.Qf2 Nd7
23.Qe2 Be7 24.Bf2 Kf8 25.h4 Nc5 26.Nxc5 Bxc5 27.Bxc5+ Qxc5 28.Be4 Bxe4 29.Qxe4 Rc8
30.Rge1 f6 31.Rd7 Kg8 32.Red1 Kh7 33.g5  1-0

[Event "Wch U16"]
[Site "Szeged"]
[Date "1994.??.??"]
[Round "2"]
[White "Turzo, Attila"]
[Black "Avrukh, Boris"]
[Result "1/2-1/2"]
[WhiteElo "2195"]
[BlackElo "2425"]

1.e4 c5 2.Nf3 d6 3.d4 cxd4 4.Nxd4 Nf6 5.Nc3 a6 6.Be3 Ng4 7.Bg5 h6 8.Bh4 g5
9.Bg3 Bg7 10.Bc4 Nc6 11.Nxc6 bxc6 12.Qd2 Qa5 13.Bb3 Be6 14.Nd1 Qxd2+ 15.Kxd2 d5
16.f3 Nf6 17.Nf2 Nh5 18.exd5 Bxd5 19.Nd3 Nxg3 20.hxg3 O-O-O 21.Bxd5 Rxd5
22.Rae1 e6 23.Kc1 Kc7 24.g4 Kd6 25.Re4 Rd4 26.Rxd4+ Bxd4 27.Kd2 f5 28.gxf5 exf5
29.g4 Bg7 30.c4 c5 31.b3 Rf8 32.Ke2 Re8+ 33.Kd2 Rf8 34.Ke2 Re8+ 35.Kd2 a5
36.Re1 Rf8 37.Ke2 Re8+ 38.Kd2 Rf8 39.Ke2 Bc3 40.Rc1 Bd4 41.Rh1 Bg7 42.Re1  1/2-1/2

[Event "ISR-ch"]
[Site "Tel Aviv"]
[Date "1994.??.??"]
[Round "3"]
[White "Lederer, Yoav"]
[Black "Gruenfeld, Yehuda"]
[Result "1-0"]
[WhiteElo "2250"]
[BlackElo "2550"]

1.e4 c5 2.Nf3 d6 3.d4 cxd4 4.Nxd4 Nf6 5.Nc3 a6 6.Be3 e5 7.Nf3 Be7 8.Bc4 Be6
9.Bb3 O-O 10.O-O h6 11.h3 Nbd7 12.Qe2 Rc8 13.Rfd1 Qc7 14.Nd2 Rfe8 15.Rac1 Qb8
16.Nd5 Bxd5 17.exd5 Nc5 18.c4 Nxb3 19.Nxb3 b6 20.Nd2 Qb7 21.Qf3 Bd8 22.b3 Rf8
23.Nf1 Kh7 24.b4 g6 25.c5 bxc5 26.bxc5 dxc5 27.Bxc5 Re8 28.Ne3 Kg7 29.Rb1 Qd7
30.Ba3 Ba5 31.d6 e4 32.Qe2 Bc3 33.Rb3 a5 34.Nc4 Bb4 35.Nb6 Qe6 36.Nxc8 Rxc8
37.Bxb4 axb4 38.Rxb4 Rc6 39.Rb3 Qd7 40.a4  1-0

[Event "Terrassa op"]
[Site "Terrassa"]
[Date "1994.??.??"]
[Round "7"]
[White "De la Riva Aguado, Oscar"]
[Black "Zair, Abdelkarim"]
[Result "1/2-1/2"]
[WhiteElo "2420"]
[BlackElo "2265"]

1.e4 c5 2.Nf3 d6 3.d4 cxd4 4.Nxd4 Nf6 5.Nc3 a6 6.Be3 e5 7.Nf3 Be7 8.Bc4 O-O
9.O-O Be6 10.Bb3 h6 11.Qe2 Qc7 12.Rfd1 Nbd7 13.Nh4 Kh7 14.Nf5 Bxf5 15.exf5 Rae8
16.a4 e4 17.a5 d5 18.Nxd5 Nxd5 19.Rxd5 Nf6 20.Rdd1 Qe5 21.Ba4 Rd8 22.c3 Qxa5
23.Bc2 Qxf5 24.Rxd8  1/2-1/2

[Event "Tomo Zupan opJ"]
[Site "Tomo Zupan"]
[Date "1994.??.??"]
[Round "?"]
[White "Gaspersic, M."]
[Black "Kavcic, Uros"]
[Result "0-1"]
[WhiteElo "1775"]
[BlackElo "1920"]

1.e4 c5 2.Nf3 d6 3.d4 cxd4 4.Nxd4 Nf6 5.Nc3 a6 6.Be3 e6 7.Qd2 Be7 8.Be2 b5
9.O-O Bb7 10.Bd3 b4 11.Nce2 Nxe4 12.Qxb4 Nc5 13.Nb3 Nc6 14.Qc3 Nxd3 15.Qxd3 Ne5
16.Qc3 O-O 17.Bd4 Bf6 18.Rfd1 Rc8 19.Qd2 Nc4 20.Bxf6 Qxf6 21.Qb4 Ba8 22.Qc3 Qg6
23.Ng3 h5 24.f3 h4 25.Ne2 Ne5 26.Nf4 Qg5 27.Nh3 Qf5 28.Nd4 Qg6 29.Qe3 Nc4
30.Qd3 Qf6 31.b3 Nb2 32.Qxa6 Nxd1 33.Rxd1 Qg6 34.Qf1 e5 35.Nb5 Rfd8 36.Rd2 Rc5
37.Na3 Rc3 38.Rf2 d5 39.Qd1 d4 40.f4 Rxh3  0-1

[Event "Val Thorens Principal"]
[Site "Val Thorens"]
[Date "1994.??.??"]
[Round "3"]
[White "Olivier, Jean Christophe"]
[Black "Antonini, David"]
[Result "1-0"]
[WhiteElo "2310"]
[BlackElo "1920"]

1.e4 c5 2.Nf3 d6 3.d4 cxd4 4.Nxd4 Nf6 5.Nc3 a6 6.Be3 e5 7.Nb3 Be7 8.f3 Be6
9.Qd2 O-O 10.O-O-O Qc7 11.g4 Rc8 12.g5 Ne8 13.h4 b5 14.h5 Bf8 15.g6 h6 16.Bh3 Nd7
17.gxf7+ Bxf7 18.Nd5 Bxd5 19.exd5 Nef6 20.Na5 Re8 21.Rdg1 Kh8 22.Rg6 e4 23.f4 Nb6
24.Be6 Nc4 25.Nxc4 Qxc4 26.b3 Qc7 27.Bd4 Rxe6 28.dxe6 e3 29.Qg2  1-0

[Event "Val Thorens Principal"]
[Site "Val Thorens"]
[Date "1994.??.??"]
[Round "5"]
[White "Olivier, Jean Christophe"]
[Black "Ungureanu, Emil"]
[Result "1-0"]
[WhiteElo "2310"]
[BlackElo "2320"]

1.e4 c5 2.Nf3 d6 3.d4 cxd4 4.Nxd4 Nf6 5.Nc3 a6 6.Be3 e5 7.Nb3 Be6 8.Qd2 Nbd7
9.f3 b5 10.g4 Nb6 11.g5 Nfd7 12.Nd5 Rc8 13.O-O-O Nxd5 14.exd5 Bf5 15.Bd3 Bxd3
16.Qxd3 Be7 17.h4 O-O 18.f4 f5 19.Qd2 Re8 20.Na5 Bf8 21.Kb1 Qc7 22.Rdf1 g6
23.h5 Bg7 24.hxg6 hxg6 25.Nc6 Kf7 26.Qd3 Rh8 27.fxe5 Bxe5 28.Bd4 Kg7 29.Bxe5+ dxe5
30.Ne7 Nc5 31.Nxf5+ gxf5 32.Qxf5 Qe7 33.Rh6 Rxh6 34.gxh6+ Kxh6  1-0

[Event "LTU-ch (Women)"]
[Site "Vilkaviskis"]
[Date "1994.??.??"]
[Round "10"]
[White "Ciuksyte, Dagne"]
[Black "Ciuksyte, Zivile"]
[Result "1-0"]
[WhiteElo "2095"]
[BlackElo "2045"]

1.e4 c5 2.Nf3 d6 3.d4 cxd4 4.Nxd4 Nf6 5.Nc3 a6 6.Be3 e6 7.a4 b6 8.a5 b5 9.Ndxb5 axb5
10.Bb6 Qd7 11.Bxb5 Nc6 12.Nd5 exd5 13.exd5 Bb7 14.a6 Rc8 15.axb7 Qxb7 16.Qe2+ Qe7
17.Bxc6+ Rxc6 18.Ra8+  1-0

[Event "LTU-ch  Vilnius"]
[Site "Vilnius"]
[Date "1994.??.??"]
[Round "11"]
[White "Sulskis, Sarunas"]
[Black "Malisauskas, Vidmantas"]
[Result "1/2-1/2"]
[WhiteElo "2430"]
[BlackElo "2525"]

1.e4 c5 2.Nf3 d6 3.d4 cxd4 4.Nxd4 Nf6 5.Nc3 a6 6.Be3 Ng4 7.Bg5 h6 8.Bh4 g5
9.Bg3 Bg7 10.Qd2 Nc6 11.Nb3 Be6 12.h4 Rg8 13.hxg5 hxg5 14.O-O-O Bxc3 15.Qxc3 Qb6
16.Rh8 O-O-O 17.Rxg8 Rxg8 18.Nd4 Kd7 19.Nxe6 fxe6 20.Bc4 Qb4 21.Qxb4 Nxb4
22.a3 Nc6 23.Rh1 Rf8 24.Rf1 Nf6 25.f3 Nh5 26.Bh2 Rh8 27.Bg1 b5 28.Bd3 Nf4
29.Be3 Ne5 30.Bxf4 gxf4 31.Be2 Rg8 32.Rf2 d5 33.Kd2 Kd6 34.c3 Nc4+ 35.Bxc4 bxc4
36.Ke1 dxe4 37.fxe4 Ke5 38.Re2 Rg3 39.Kf2 Rd3 40.Re1 Rd2+ 41.Kf3 Rd3+ 42.Kf2 a5
43.a4 Rd8 44.Re2 Rd1 45.Kf3 Rf1+ 46.Kg4 Ra1 47.Kf3 Rxa4 48.Re1 Ra2 49.Rh1 Rxb2
50.Rh5+ Kd6 51.Rxa5 e5 52.Ra6+ Kd7 53.Ra4 Rd2 54.Rxc4 Rd3+ 55.Kg4 e6  1/2-1/2

[Event "Wrexham"]
[Site "Wrexham"]
[Date "1994.??.??"]
[Round "?"]
[White "Hennigan, Michael"]
[Black "Abbasi, Nasser M"]
[Result "1-0"]
[WhiteElo "2465"]
[BlackElo "2280"]

1.e4 c5 2.Nf3 d6 3.d4 cxd4 4.Nxd4 Nf6 5.Nc3 a6 6.Be3 Ng4 7.Bg5 h6 8.Bh4 g5
9.Bg3 Bg7 10.Qd2 Nc6 11.Nb3 Be6 12.h4 gxh4 13.Bxh4 Rc8 14.f3 Nge5 15.Bf2 Na5
16.Bd4 Nac6 17.Be3 Na5 18.Qf2 Nxb3 19.cxb3 Nxf3+ 20.gxf3 Rxc3 21.Bd4 Rxf3
22.Qxf3 Bxd4 23.O-O-O Bf6 24.Kb1 Qa5 25.Rh5 Bg5 26.Bh3 Qe5 27.Bxe6 Qxe6 28.Rd5 Rg8
29.b4 Rg6 30.Rh2 Rf6 31.Qd3 Qg4 32.Kc2 b5 33.Qe2 Rf3 34.Rd3 Qc8+ 35.Rc3 Rxc3+
36.bxc3 Qe6 37.Kb2 Qe5 38.Rh3 d5 39.Qg4 e6 40.exd5 Qxd5 41.Qf3 Qxf3 42.Rxf3 f5
43.c4 bxc4 44.Kc3 Kd7 45.Kxc4 h5 46.Ra3 h4 47.Rxa6 Be3 48.Ra8 Kd6 49.Rh8 Bf2
50.a4 Ke5 51.a5 Kf4 52.b5 Kg3 53.b6 f4 54.Rg8+ Kh3 55.b7 f3 56.b8=Q Bg3 57.Qb1  1-0

[Event "ARM-ch"]
[Site "Yerevan"]
[Date "1994.??.??"]
[Round "?"]
[White "Mnatsakanian, Eduard A"]
[Black "Petrosian, Arshak B"]
[Result "0-1"]
[WhiteElo "2390"]
[BlackElo "2455"]

1.e4 c5 2.Nf3 d6 3.d4 cxd4 4.Nxd4 Nf6 5.Nc3 a6 6.Be3 Ng4 7.Bg5 h6 8.Bh4 g5
9.Bg3 Bg7 10.Be2 h5 11.h4 gxh4 12.Bxh4 Nc6 13.Nb3 Be6 14.Qd2 Qb6 15.Bxg4 hxg4
16.O-O-O a5 17.f4 Qb4 18.a3 Bxc3 19.Qxc3 Qxc3 20.bxc3 f5 21.Bf2 Kf7 22.Nd2 Rag8
23.Bd4 Nxd4 24.cxd4 fxe4 25.Nxe4 Bd5 26.Ng5+ Kf6 27.Rxh8 Rxh8 28.g3 Rh2 29.Re1 Rh1
30.Rxh1 Bxh1 31.Kd2 Bd5 32.Kd3 Kf5 33.c4 Bg2 34.d5 b5 35.Kc3 Bf1 36.cxb5 Bxb5
37.Kd4 Bd7 38.Ne4 Bb5 39.Nd2 Be2 40.Nb3 a4 41.Nc1 Bb5 42.Na2 Bd7 43.Nc3 e5+
44.fxe5 dxe5+ 45.Kc5 e4 46.Kd6 Be8 47.Ke7 e3 48.Kxe8 Ke5 49.Kf7 e2 50.Nxe2 Kxd5
51.Nc3+ Kd4 52.Nxa4 Ke3 53.Nc5 Kf3 54.Ke6 Kxg3 55.Kd5  0-1

[Event "Zalakaros op"]
[Site "Zalakaros"]
[Date "1994.??.??"]
[Round "8"]
[White "Horvath, A."]
[Black "Domotor, Jozsef"]
[Result "1-0"]
[WhiteElo "2070"]
[BlackElo "2170"]

1.e4 c5 2.Nf3 d6 3.d4 cxd4 4.Nxd4 Nf6 5.Nc3 a6 6.Be3 e6 7.Qd2 Be7 8.f3 b5
9.g4 b4 10.Nce2 d5 11.g5 Nh5 12.e5 Qc7 13.f4 g6 14.O-O-O Nd7 15.Ng3 Ng7 16.Kb1 Nb6
17.b3 Bb7 18.Bd3 Nd7 19.h4 Nf5 20.Ngxf5 gxf5 21.h5 Rg8 22.Rdg1 Nf8 23.Qe2 Qc3
24.Qf2 Qc7 25.Re1 Bc8 26.Rc1 Bd7 27.Ne2 Qb7 28.Bc5 Rc8 29.Bxe7 Kxe7 30.Qd4 Bc6
31.c3 bxc3 32.Rxc3 Nd7 33.Rhc1 Rgd8 34.Ng3 Nb6 35.Bxa6 Qxa6 36.Rxc6  1-0

[Event "Ibercaja op"]
[Site "Zaragoza"]
[Date "1994.??.??"]
[Round "9"]
[White "De la Villa Garcia, Jesus Maria"]
[Black "Potterat, Marc"]
[Result "1-0"]
[WhiteElo "2470"]
[BlackElo "2180"]

1.e4 c5 2.Nf3 d6 3.d4 cxd4 4.Nxd4 Nf6 5.Nc3 a6 6.Be3 e5 7.Nf3 Qc7 8.a4 h6
9.a5 Be6 10.Be2 Nbd7 11.Nd5 Bxd5 12.exd5 Be7 13.O-O O-O 14.c4 Ng4 15.Bc1 f5
16.Qc2 Rf7 17.h3 Ngf6 18.Qxf5 Nxd5 19.Qe6 Nb4 20.Bd2 Nf8 21.Qg4 Nc6 22.Bxh6 Nxa5
23.b4 Nc6 24.b5 Nb8 25.c5 d5 26.b6 Qd7 27.Nxe5 Qxg4 28.Bxg4 gxh6 29.Nxf7 Kxf7
30.Bc8 Nbd7 31.Bxb7 Rb8 32.Bxd5+ Kf6 33.c6 Nxb6 34.Rxa6 Bd6 35.Rb1 Bc7 36.g3 Ke5
37.Bg2 Ne6 38.Ra7 Kd6 39.Rd1+ Kc5 40.Re1 Kd6 41.Rxe6+  1-0

[Event "Zuerich op"]
[Site "Zuerich"]
[Date "1994.??.??"]
[Round "?"]
[White "Gallagher, Joseph G"]
[Black "Mikavica, Mirko"]
[Result "0-1"]
[WhiteElo "2470"]
[BlackElo "2270"]

1.e4 c5 2.Nf3 d6 3.d4 cxd4 4.Nxd4 Nf6 5.Nc3 a6 6.Be3 e6 7.Be2 Qc7 8.f4 b5
9.Bf3 e5 10.Nb3 Bb7 11.O-O Nbd7 12.Qe1 g6 13.a4 b4 14.Nd5 Bxd5 15.exd5 Bg7
16.Qxb4 O-O 17.Qd2 Rfc8 18.Rfc1 Re8 19.Re1 Rac8 20.Rac1 Bh6 21.f5 Bxe3+ 22.Qxe3 Qc4
23.fxg6 hxg6 24.a5 Kh7 25.Nd2 Qb4 26.Qa3 Qxd2 27.Red1 Qg5 28.Qxd6 e4 29.Be2 Qe3+
30.Kf1 Re5  0-1